|
|
|
|
| LEADER |
02179njm a2200457 a 4500 |
| 001 |
000876813 |
| 003 |
CZ BrMZK |
| 005 |
20100720133821.0 |
| 007 |
sd fsngnnmmned |
| 008 |
071123s2007 xr ppn?g????????? cze d |
| 024 |
3 |
|
|a 099925564728
|
| 028 |
0 |
1 |
|a SU 5647-2
|b Supraphon
|
| 040 |
|
|
|a BOA001
|b cze
|
| 040 |
|
|
|a ABA001
|b cze
|
| 045 |
|
|
|a x7x8
|
| 072 |
|
7 |
|a 784
|x Vokální hudba
|2 Konspekt
|9 9
|
| 080 |
|
|
|a 784.4
|2 MRF
|
| 080 |
|
|
|a (086.76)
|2 MRF
|
| 100 |
1 |
|
|a Gott, Karel,
|d 1939-2019
|7 jk01032549
|4 sng
|
| 245 |
1 |
0 |
|a Muzika
|h [zvukový záznam] ;
|b To Vám byl dobrý rok
|
| 260 |
|
|
|a Praha :
|b Supraphon Music ,
|c p2007
|
| 300 |
|
|
|a 2 zvukové desky (72:40 ; 72:23) :
|b digital, stereo ;
|c 12 cm +
|e 1 brožura
|
| 306 |
|
|
|a 011240
|a 011223
|
| 490 |
1 |
|
|a Karel Gott komplet ;
|v 29, 30
|
| 500 |
|
|
|a Poznámka Jan Adam
|
| 505 |
0 |
0 |
|t Začínám žít --
|t Miriam --
|t Bláhové přání --
|t Muzika --
|t Pábitelé --
|t Jsem chlap, co mlčí --
|t Podrážkám dvou zničených bot --
|t Vrásky z lásky --
|t Velký rváč --
|t Z mé cigarety stoupá dým --
|t Hlas v telefonu --
|t To byl vám den --
|t Santa Lucia --
|t Jsem na světě rád --
|t Víc --
|t Parlami d'amore Mariú --
|t Angelina --
|t Oči sněhem zaváté --
|t Bum, bum, bum --
|t Narodil se máj --
|t Nejsem, nejsem rád --
|t Maria --
|t Je slavná --
|t Jediná --
|t Mám tu krásný výhled --
|t Odnauč se říkat ne --
|t Přátelé --
|t Cikánka --
|t Dnes mám perný den --
|t Náladová náruč tvá
|
| 511 |
0 |
|
|a Zpívá Karel Gott ; Orchestr Ladislava Štaidla a další
|
| 518 |
|
|
|a Nahrávky z let 1976-1988
|
| 500 |
|
|
|a 18 písní bonus
|
| 500 |
|
|
|a Původní fonogramy p1976, p1983-p1987 Supraphon
|
| 500 |
|
|
|a Kompaktní desky (AAD)
|
| 650 |
0 |
7 |
|a populární písně
|7 ph124354
|y 1971-1980
|2 czenas
|
| 650 |
0 |
7 |
|a populární písně
|7 ph124354
|y 1981-1990
|2 czenas
|
| 655 |
|
7 |
|a kompaktní desky
|7 fd201991
|2 czenas
|
| 710 |
2 |
|
|a Orchestr Ladislava Štaidla
|7 ko2003171954
|
| 740 |
0 |
2 |
|a To Vám byl dobrý rok
|
| 830 |
|
0 |
|a Karel Gott komplet
|
| 910 |
|
|
|a BOA001
|b CD-0014.134
|
| 990 |
|
|
|a AV
|
| 991 |
|
|
|b 200711
|
| 996 |
6 |
|
|b 261H015653
|c CD-0014.134
|l MZK
|r Sklad / do 24 hodin
|n 0
|w 000876813
|u 000010
|a 1
|e BOA001
|j MZK50
|s P
|